Budú "lietať" pokuty- po zápase 30. kola HIL ŠKP Bratislava-Sečovce (35:25)

Bibliographic Details
Main Author: Simonides, Martin (Author)
Format: Article
Language:Slovak
PhysicalDescription:Fotogr.
ISSN:0139-7001
Subjects:

MARC

LEADER 00000nab a2200000 a 4500
001 vtls000788782
003 SK-MaSNL
005 20260302155740.0
008 180206c2002 xo 0 slo
015 |a SNBRB2002/03-10819 
035 |a CLN000140437 
040 |a SNKBUCL  |b slo  |c SNKBUCL  |e AACR2 
041 0 |a slo 
044 |a xo  |c SK 
080 |a 796.322.093.1  |2 UDC-MRF-SK2 
100 1 |a Simonides, Martin  |4 aut  |9 838360 
245 1 0 |a Budú "lietať" pokuty-  |b po zápase 30. kola HIL ŠKP Bratislava-Sečovce (35:25)  |c Martin Simonides 
300 |b Fotogr. 
650 0 7 |a hádzaná  |x muži  |x HIL  |y sezóna 2001/2002  |x kolo 30.  |2 snkbucl  |9 854686 
655 7 |a články z novín a časopisov  |2 snkbucl  |9 267496 
773 0 |x 0139-7001  |t Šport  |g Roč. 56, č. 69 (22.3.2002), s. 14 
850 |a Slovenská národná knižnica v Martine 
852 |a SNK  |b KIS3GCP 
958 |a RBX 
999 |c 1372467  |d 1374397